Laporan penyiasatan tenaga buruh : The labour force survey report 2004

Bibliographic Details
Corporate Author: Malaysia. Jabatan Perangkaan
Format: Book
Language:Malay
Published: Putrajaya : Jabatan Perangkaan Malaysia 2005
Subjects:

MARC

LEADER 00000cam a2200000 7i4500
001 0000018738
005 20240917.0
008 240917 my may
022 |a 01280503 
040 |a INS   |b eng   |e rda 
090 0 0 |a RHD8700.6.A5   |b .M35 2005 
110 1 |a Malaysia. Jabatan Perangkaan 
245 1 0 |a Laporan penyiasatan tenaga buruh :   |b The labour force survey report 2004   |c Jabatan Perangkaan Malaysia 
264 1 |a Putrajaya :   |b Jabatan Perangkaan Malaysia   |c 2005 
300 |a xx, 208 pages ;   |c 30 cm. 
336 |a text  |2 rdacontent 
337 |a unmediated  |2 rdamedia 
338 |a volume  |2 rdacarrier 
500 |a Annualy 
500 |a Mengandungi abstrak 
650 0 |a Labor supply   |z Malaysia   |x Statistics 
650 0 |a Unemployed   |z Malaysia   |x Statistics 
999 |a SER0001550   |b BOOK   |c Red Spot   |e Default branch